| 000 | 00763nam a2200205 u 4500 | ||
|---|---|---|---|
| 001 | 000550949 | ||
| 003 | AM-YeHGA | ||
| 005 | 20250617140026.0 | ||
| 008 | 070920s1975 ||| r 000 0 rus d | ||
| 040 | _aAM-YeHGA | ||
| 041 | 0 | _arus | |
| 100 | 1 | _aКерефов, Камбулат Наурузович | |
| 245 | 1 | 0 |
_aВозделывание гороха в Кабардино-Балкарии / _cК.Н. Керефов, У.З. Савкуев. |
| 260 |
_aНальчик : _bЭльбрус, _c1975. |
||
| 300 |
_a60 с. : _bтабл. |
||
| 504 | _aБиблиогр.: с. 59 | ||
| 653 | 0 | _aГорох - Возделывание - Кабардино-Балкария | |
| 700 | 1 | _aСавкуев, Урусбий Залимгериевич | |
| 090 | _c213381 | ||
| 999 |
_c211869 _d211869 |
||